• 首页
  • 本馆介绍
  • 公告通知
  • 最新文献
  • 馆藏检索
  • 电子资源
  • 读者导购
  • 参考咨询
  • 我的图书馆
  • 登录
  • 详细信息显示
  • 放入我的书架
  • 预约/预借图书
  • 作者相关作品
  • 分类相关作品
  • 丛书相关作品
  • 出版社相关作品

书目信息

  • 表格格式
  • 工作单格式
  • 卡片格式
题名:
父与子全集
    
 
作者: 卜劳恩 著
分册:  
出版信息: 上海   少年儿童出版社  2012
页数: 195页
开本: 25cm
丛书名:
单 册:
中图分类: J238.2(565)
科图分类:
主题词: 漫画--man hua--连环画--作品集--德国--现代
电子资源:
ISBN: 978-7-5324-8984-8
000 01171nam0 22002411 450
001 1754485777
005 20170516112211.0
010    @a978-7-5324-8984-8@dCNY25.00
100    @a20121030d2012 em y0chiy50 ea
101 1  @achi@cger
102    @aCN@b310000
105    @aa t 000yy
106    @ar
200 1  @a父与子全集@9fu yu zi quan ji@dVater und sohn@e彩图注音版@f(德)埃·奥·卜劳恩著@zger
210    @a上海@c少年儿童出版社@d2012
215    @a195页@d25cm
330    @a《父与子》反映的是父子之间有趣的故事,那个秃头的大胡子的爸爸,慈祥、和蔼、幽默,那个留着刺猬头的淘气儿子,调皮、聪明、可爱。《父与子》(VaterundSohn)所塑造的善良、正直、宽容的一束形象深深地打动了千百万读者的心,《父与子》被人们誉为德国幽默的象征。本书为《父与子全集》(彩图注音版),收录了“父与子”的全部漫画共195幅;原版为黑白漫画,本彩图版请美术作者为图填色,并且请文字作者为漫画配文,另外,为了小学一二年级小朋友自主阅读,特给文字附上了拼音。
510 1  @aVater und sohn@zger
606 0  @a漫画@9man hua@x连环画@x作品集@y德国@z现代
690    @aJ238.2(565)@v5
701  1 @c(德)@a卜劳恩@9bo lao en@b埃·奥@4著
801  0 @aCN@b百万庄@c20170512
905    @b1005360-5@dJ238.2(565)@e112@f6
    
    父与子全集=Vater und sohn:彩图注音版/(德)埃·奥·卜劳恩著.-上海:少年儿童出版社,2012
    195页;25cm
    
    
    ISBN 978-7-5324-8984-8:CNY25.00
    《父与子》反映的是父子之间有趣的故事,那个秃头的大胡子的爸爸,慈祥、和蔼、幽默,那个留着刺猬头的淘气儿子,调皮、聪明、可爱。《父与子》(VaterundSohn)所塑造的善良、正直、宽容的一束形象深深地打动了千百万读者的心,《父与子》被人们誉为德国幽默的象征。本书为《父与子全集》(彩图注音版),收录了“父与子”的全部漫画共195幅;原版为黑白漫画,本彩图版请美术作者为图填色,并且请文字作者为漫画配文,另外,为了小学一二年级小朋友自主阅读,特给文字附上了拼音。
●
相关链接 在E读中查询图书 在五车中查询图书 在当当中查询图书 在豆瓣中查询图书


正题名:父与子全集     索取号:J238.2(565)/112         预约/预借

序号 登录号 条形码 馆藏地/架位号 状态 备注
1 1005360   210053608   第一样本阅览室/ [索取号:J238.2(565)/112] 在馆    
2 1005361   210053617   教育系资料室/ [索取号:J238.2(565)/112] 在馆    
3 1005362   210053626   教育系资料室/ [索取号:J238.2(565)/112] 在馆    
4 1005363   210053635   教育系资料室/ [索取号:J238.2(565)/112] 在馆    
5 1005364   210053644   第一借阅区/ [索取号:J238.2(565)/112] 在馆    
6 1005365   210053653   第一借阅区/ [索取号:J238.2(565)/112] 在馆    
唐山师范学院图书馆 欢迎您!
大连网信软件有限公司© 版权所有